Business One: One: Teacher's book Pre - Intermediate
Sách dành cho giáo viên. Cung cấp đáp án và lời giải thích cho các hoạt động và bài tập trong sách học viên.
Đã lưu trong:
| Định dạng: | Sách |
|---|---|
| Năm xuất bản: |
Anh
Oxford University
2007
|
| Chủ đề: | |
| Tags: |
Thêm thẻ
Không có thẻ, Hãy là người đầu tiên gắn thẻ bản ghi này!
|
| LEADER | 01902nam a2200265 4500 | ||
|---|---|---|---|
| 999 | |c 4423 |d 4423 | ||
| 082 | |a 428.0071 |b B500S | ||
| 100 | |a | ||
| 245 | |a Business One: One: Teacher's book Pre - Intermediate |c Rachel Appleeby, John Bradley,Brian Brennan, Jane Hudson | ||
| 260 | |a Anh |b Oxford University |c 2007 | ||
| 300 | |a 47 tr. |c 30 cm | ||
| 520 | |a Sách dành cho giáo viên. Cung cấp đáp án và lời giải thích cho các hoạt động và bài tập trong sách học viên. | ||
| 653 | |a Ngôn ngữ | ||
| 653 | |a Tiếng Anh | ||
| 653 | |a Thương mại | ||
| 653 | |a Sách giáo viên | ||
| 942 | |2 ddc |c STK0 | ||
| 952 | |0 0 |1 0 |2 ddc |4 0 |6 428_007100000000000_B500S |7 0 |8 400 |9 43558 |a qbu |b qbu |c D4 |d 2014-12-19 |g 215000 |o 428.0071 B500S |p 2764.c1 |r 0000-00-00 |w 2014-12-19 |y STK0 | ||
| 952 | |0 0 |1 0 |2 ddc |4 0 |6 428_007100000000000_B500S |7 0 |8 400 |9 43559 |a qbu |b qbu |c D4 |d 2014-12-19 |g 215000 |o 428.0071 B500S |p 2764.c2 |r 0000-00-00 |w 2014-12-19 |y STK0 | ||
| 952 | |0 0 |1 0 |2 ddc |4 0 |6 428_007100000000000_B500S |7 0 |8 400 |9 43560 |a qbu |b qbu |c D4 |d 2014-12-19 |g 215000 |o 428.0071 B500S |p 2764.c3 |r 0000-00-00 |w 2014-12-19 |y STK0 | ||
| 952 | |0 0 |1 0 |2 ddc |4 0 |6 428_007100000000000_B500S |7 0 |8 400 |9 43561 |a qbu |b qbu |c D4 |d 2014-12-19 |g 215000 |o 428.0071 B500S |p 2764.c4 |r 0000-00-00 |w 2014-12-19 |y STK0 | ||
| 952 | |0 0 |1 0 |2 ddc |4 0 |6 428_007100000000000_B500S |7 0 |8 400 |9 43562 |a qbu |b qbu |c D4 |d 2014-12-19 |g 215000 |o 428.0071 B500S |p 2764.c5 |r 0000-00-00 |w 2014-12-19 |y STK0 | ||
| 952 | |0 0 |1 0 |2 ddc |4 0 |6 428_007100000000000_B500S |7 0 |8 400 |9 43563 |a qbu |b qbu |c D4 |d 2014-12-19 |g 215000 |o 428.0071 B500S |p 2764.c6 |r 0000-00-00 |w 2014-12-19 |y STK0 | ||
| 952 | |0 0 |1 0 |2 ddc |4 0 |6 428_007100000000000_B500S |7 0 |8 400 |9 43564 |a qbu |b qbu |c D4 |d 2014-12-19 |g 215000 |o 428.0071 B500S |p 2764.c7 |r 0000-00-00 |w 2014-12-19 |y STK0 | ||
| 952 | |0 0 |1 0 |2 ddc |4 0 |6 428_007100000000000_B500S |7 0 |8 400 |9 43565 |a qbu |b qbu |c D4 |d 2014-12-19 |g 215000 |l 1 |o 428.0071 B500S |p 2764.c8 |r 2018-09-25 |s 2018-09-20 |w 2014-12-19 |y STK0 | ||